000 00588nam a2200229Ia 4500
005 20250108125028.0
008 008 250107s9999 xx 000 0 eng d
037 _aTB
040 _aCRL
_beng
_cCRL
041 _aeng
_2eng
084 _aV271y7K49 152R2
084 _qCRL
100 _aSiddiqui Ali Au.
_9730135
245 0 _aSon of India
_cSiddiqui Ali Au.
260 _aNew Delhi, India
_bAli Siddiqui
_c3076
300 _a272p.
365 _aINR
_b495
490 _vPt.1
650 _aHISTORY
942 _cTB
_hV271y7K49 152R2
999 _c1235464
_d1235464